[Event "Naleczow"]
[Site "Naleczow"]
[Date "1984.??.??"]
[Round "?"]
[White "Adamski, Jan"]
[Black "Yuferov, Sergey  N"]
[Result "1/2-1/2"]
[WhiteElo "2430"]
[BlackElo "2430"]

1.Nf3 Nf6 2.d4 g6 3.c4 Bg7 4.Nc3 O-O 5.e4 d6 6.Be2 e5 7.O-O Nc6 8.Be3 Ng4
9.Bg5 f6 10.Bc1 Nh6 11.dxe5 dxe5 12.Qd5+ Nf7 13.Be3 Qe8 14.Nb5 Be6 15.Nxc7 Bxd5
16.Nxe8 Bxe4 17.Nxg7 Kxg7 18.Nd2 Bf5 19.Nb3 Nfd8 20.Rad1 Ne6 21.Rd7+ Rf7
22.Rfd1 Rd8 23.Rxd8 Nexd8 24.f4 Rd7 25.Rxd7+ Bxd7 26.fxe5 fxe5 27.Kf2 Bf5
28.a3 Bc2 29.Nd2 Ne6 30.Bf3 Nf4 31.b4 Nd3+ 32.Kg3 Ne7 33.Bxb7 Nf5+ 34.Kf3 Bd1+
35.Ke4 Bc2 36.Kf3 Bd1+ 37.Ke4 Bc2  1/2-1/2

[Event "New York op"]
[Site "New York"]
[Date "1984.??.??"]
[Round "1"]
[White "Bonin, Jay R"]
[Black "Ree, Hans"]
[Result "1/2-1/2"]
[WhiteElo "2315"]
[BlackElo "2480"]

1.d4 Nf6 2.c4 g6 3.Nc3 Bg7 4.e4 d6 5.Be2 O-O 6.Nf3 e5 7.O-O Nc6 8.d5 Ne7
9.b4 a5 10.bxa5 c5 11.dxc6 Nxc6 12.Bg5 Qxa5 13.Bxf6 Qxc3 14.Qxd6 Be6 15.Bg5 Ra6
16.c5 Rxa2 17.Rxa2 Bxa2 18.Qd2 Qxd2 19.Nxd2 Nd4 20.Bc4 Bxc4 21.Nxc4 Rc8 22.Be7 Nb3
23.Rd1 h5 24.Nb6 Rc6 25.Rd8+ Kh7 26.Nd7 Nd4 27.Nb8 Re6 28.Bd6 Nb5 29.Rd7 Kg8
30.Rd8+ Kh7 31.Kf1 Bf6 32.Rd7 Kg7 33.Ke2 b6 34.c6 Nxd6 35.Rxd6 Rxd6 36.c7 Rd8
37.cxd8=Q Bxd8 38.Nc6 Bc7 39.Kd3 Kf6 40.Kc4 Kg5 41.Nb4 Bd6 42.Nd3 f6 43.Kb5 f5
44.f3 fxe4 45.fxe4 Bc5 46.Nxc5 bxc5 47.Kxc5 Kf4 48.Kd5 h4 49.g3+ hxg3 50.hxg3+ Kxg3
51.Kxe5 g5  1/2-1/2

[Event "New York op"]
[Site "New York"]
[Date "1984.??.??"]
[Round "3"]
[White "Conquest, Stuart"]
[Black "Schroer, Jonathan"]
[Result "1-0"]
[WhiteElo "2260"]
[BlackElo "2315"]

1.d4 Nf6 2.c4 g6 3.Nc3 Bg7 4.e4 d6 5.Be2 O-O 6.Nf3 e5 7.O-O Nc6 8.d5 Ne7
9.Ne1 Nd7 10.Nd3 f5 11.Bd2 Kh8 12.f3 Ng8 13.b4 Ndf6 14.c5 Bh6 15.Rc1 Rf7
16.exf5 Bxf5 17.f4 exf4 18.Nxf4 Qe7 19.Nb5 Ne4 20.Be3 Bg7 21.Bd4 dxc5 22.bxc5 Ngf6
23.d6 cxd6 24.cxd6 Qd8 25.Nc7 Rc8 26.Nce6 Bxe6 27.Nxe6 Qd7 28.Rxc8+ Qxc8
29.Bg4 Kg8 30.Bh3 Bh6 31.Ng5 Qd8 32.Nxe4 Nxe4 33.Rxf7 Qxd6 34.Rd7 Qb4 35.Be6+ Kf8
36.Qf1+  1-0

[Event "New York op"]
[Site "New York"]
[Date "1984.??.??"]
[Round "8"]
[White "Frias, Victor J"]
[Black "Wilder, Michael"]
[Result "1-0"]
[WhiteElo "2425"]
[BlackElo "2435"]

1.d4 Nf6 2.c4 g6 3.Nc3 Bg7 4.e4 d6 5.Nf3 O-O 6.Be2 e5 7.O-O Nc6 8.d5 Ne7
9.Ne1 Nd7 10.Nd3 f5 11.Bd2 Nf6 12.f3 f4 13.c5 g5 14.Rc1 Ng6 15.cxd6 cxd6
16.Nb5 Rf7 17.Qc2 Ne8 18.a4 h5 19.Nf2 Bf8 20.Nxa7 Bd7 21.Nb5 Rg7 22.h3 Kh8
23.Qb3 Nh4 24.Rc3 g4 25.fxg4 Nf6 26.Qd1 hxg4 27.hxg4 Nh5 28.Nc7 Rc8 29.Ne6 Bxe6
30.dxe6 Rxc3 31.Bxc3 Ng3 32.Nh3 Qb6+ 33.Kh2 Qe3 34.Bf3 Nxf1+ 35.Qxf1 Kg8
36.Qf2 Nxf3+ 37.gxf3 Qd3 38.Kg2 Qc4 39.Qd2 Qxe6 40.Nf2 Qh6 41.Qd5+ Kh8 42.a5 Rc7
43.Kf1 Qf6 44.Ke2 Qe7 45.Nd3 Bg7 46.Nb4 Rc5 47.Qd1 Qd7 48.Nd5 Kg8 49.Qd3 Kf7
50.b4 Rc6 51.Kd2 Bf6 52.Kc2 Bh4 53.Kb3 Bf2 54.Qd2 Bg3 55.Qd1 Qd8 56.Qh1 Bh4
57.Be1 Bxe1 58.Qh7+ Ke8 59.Qxb7 Rc1 60.a6 Rb1+ 61.Kc2 Ra1 62.Kb2 Ra4 63.Qb5+ Kf8
64.Qxa4 Bf2 65.Qc2 Bd4+ 66.Kb3  1-0

[Event "NOR-ch"]
[Site "Oslo"]
[Date "1984.??.??"]
[Round "1"]
[White "Ostenstad, Berge"]
[Black "Scholseth, Tor Kristian"]
[Result "1-0"]
[WhiteElo "2310"]
[BlackElo "2200"]

1.d4 Nf6 2.c4 g6 3.Nc3 Bg7 4.e4 d6 5.Nf3 O-O 6.Be2 e5 7.O-O Nc6 8.d5 Ne7
9.Nd2 Nd7 10.b4 f5 11.f3 a5 12.bxa5 Rxa5 13.Nb3 Ra8 14.a4 f4 15.a5 g5 16.Ba3 Nf6
17.c5 h5 18.Nb5 Ne8 19.Bb4 Ng6 20.cxd6 cxd6 21.Nd2 Rf6 22.Nc4 Nh4 23.Nb6 Rb8
24.Rc1 g4 25.Nxc8 gxf3 26.Bxf3 Rxc8 27.Bxh5 Rxc1 28.Qxc1 Qd7 29.Bxe8 Qxe8
30.Nxd6 Qg6 31.Rf2 Rxd6 32.Bxd6 Qxd6 33.Qc8+ Kh7 34.Qh3 Qh6 35.d6 Bf6 36.Qd7+ Kh8
37.Qe8+ Kh7 38.Qd7+ Bg7 39.Qg4 f3 40.gxf3 Qc1+ 41.Rf1  1-0

[Event "CAN-ch+"]
[Site "Ottawa"]
[Date "1984.??.??"]
[Round "5"]
[White "Zuk, Robert D"]
[Black "Morrison, Robert"]
[Result "0-1"]
[WhiteElo "2200"]
[BlackElo "2380"]

1.d4 Nf6 2.c4 g6 3.Nc3 Bg7 4.e4 d6 5.Be2 O-O 6.Nf3 e5 7.O-O Nc6 8.d5 Ne7
9.Ne1 Nd7 10.Nd3 f5 11.Bd2 Nf6 12.f3 c5 13.Nf2 f4 14.a3 g5 15.b4 b6 16.Qb3 h5
17.h3 Kh8 18.Rfb1 Nd7 19.Nd3 Rf6 20.Nd1 Rg6 21.N1f2 Bf8 22.bxc5 bxc5 23.a4 a6
24.Qc3 Ra7 25.Bxf4 gxf4 26.Nxf4 Bh6 27.Nxh5 Nxd5 28.cxd5 Qg5 29.Ng4 Qxh5
30.a5 Bf4 31.Rb2 Qg5 32.Rab1 Nf6 33.Rb8 Rg8  0-1

[Event "CAN-ch"]
[Site "Ottawa"]
[Date "1984.??.??"]
[Round "13"]
[White "Taylor, Gordon"]
[Black "Morrison, Robert"]
[Result "1-0"]
[WhiteElo "2325"]
[BlackElo "2380"]

1.d4 Nf6 2.c4 g6 3.Nc3 Bg7 4.e4 d6 5.Be2 O-O 6.Nf3 e5 7.O-O Nc6 8.d5 Ne7
9.Ne1 Nd7 10.Nd3 f5 11.Bd2 Nf6 12.f3 c5 13.a3 b6 14.b4 f4 15.a4 a5 16.bxc5 bxc5
17.Nb5 g5 18.Nc1 Ng6 19.Nb3 Ne8 20.Qe1 h5 21.Nxa5 g4 22.Nc6 Qd7 23.a5 Kh7
24.a6 Bf6 25.Kh1 Rg8 26.Rg1 Nh4 27.Qf1 g3 28.Be1 gxh2 29.Kxh2 Ng6 30.Rh1 Bh4
31.Kg1 Bxe1 32.Rxh5+ Kg7 33.Qxe1 Nf6 34.Rh2 Bxa6 35.Ra5 Bb7 36.Ra7 Rxa7 37.Ncxa7 Ra8
38.Qa5 Ne8 39.Bd1 Ne7 40.Ba4 Nc8 41.Nd4 Rxa7 42.Qxa7 exd4 43.Bxd7 Nxa7 44.Bxe8 Ba6
45.e5 dxe5 46.d6 Bxc4 47.Ba4 Be6 48.d7 Bxd7 49.Bxd7 c4 50.g4 c3 51.Ra2 d3
52.Rxa7 d2 53.Ba4+  1-0

[Event "Pernik"]
[Site "Pernik"]
[Date "1984.??.??"]
[Round "1"]
[White "Danailov, Silvio"]
[Black "Berg, Klaus"]
[Result "1-0"]
[WhiteElo "2345"]
[BlackElo "2390"]

1.Nf3 Nf6 2.c4 g6 3.Nc3 Bg7 4.e4 d6 5.d4 O-O 6.Be2 e5 7.O-O Nc6 8.Be3 Ng4
9.Bg5 f6 10.Bh4 Nh6 11.d5 Ne7 12.Ne1 g5 13.Bg3 f5 14.f3 f4 15.Bf2 Ng6 16.Nd3 Nf7
17.c5 h5 18.Rc1 Nh6 19.cxd6 cxd6 20.Nb5 Rf7 21.Qc2 g4 22.Nc7 Rxc7 23.Qxc7 Qg5
24.Qxd6 Kh7 25.Be1 g3 26.h3 Qh4 27.Rxc8 Rxc8 28.Bc3 Nf7 29.Qd7 Rf8 30.Bb4 Qf6
31.Bxf8 Bxf8 32.Qxb7 Kg8 33.Rc1 Ng5 34.Rc6  1-0

[Event "Plovdiv"]
[Site "Plovdiv"]
[Date "1984.??.??"]
[Round "4"]
[White "Donchev, Dimitar I"]
[Black "Hazai, Laszlo"]
[Result "0-1"]
[WhiteElo "2490"]
[BlackElo "2460"]

1.d4 Nf6 2.c4 g6 3.Nc3 Bg7 4.e4 d6 5.Be2 O-O 6.Nf3 e5 7.O-O Nc6 8.Be3 Re8
9.dxe5 dxe5 10.Qxd8 Rxd8 11.Bg5 Rf8 12.Nd5 Nxe4 13.Nxc7 Nxg5 14.Nxa8 Ne6
15.c5 Bd7 16.Rfd1 Ncd4 17.Nxd4 Nxd4 18.Bf3 Rxa8 19.Bxb7 Rb8 20.c6 Bxc6 21.Bxc6 Nxc6
22.Rd6 Nd4 23.b3 Rc8 24.Ra6 Rc7 25.Kf1 f5 26.b4 e4 27.Rd1 f4 28.Rd6 Rc4 29.Rd8+ Kf7
30.Rd7+ Kf8 31.Rxa7 e3 32.Ra8+ Kf7 33.Ra7+ Kf6 34.fxe3 fxe3 35.Kg1 e2 36.Re1 Rxb4
37.Kf2 h5 38.a4 Bf8 39.Ra6+ Kf5 40.h3 Rb2 41.g4+ hxg4 42.hxg4+ Ke4 43.Rxg6 Bb4
44.Re6+ Nxe6 45.Rxe2+ Rxe2+ 46.Kxe2 Nc5 47.Kf2  0-1

[Event "BUL-ch"]
[Site "Sofia"]
[Date "1984.??.??"]
[Round "?"]
[White "Inkiov, Ventzislav"]
[Black "Ermenkov, Evgenij"]
[Result "1/2-1/2"]
[WhiteElo "2475"]
[BlackElo "2420"]

1.d4 Nf6 2.Nf3 g6 3.c4 Bg7 4.Nc3 O-O 5.e4 d6 6.Be2 e5 7.O-O Nc6 8.Be3 Ng4
9.Bg5 f6 10.Bc1 exd4 11.Nxd4 Nxd4 12.Qxd4 f5 13.Qd5+ Kh8 14.exf5 c6 15.Qd1 gxf5
16.h3 Ne5  1/2-1/2

[Event "Tatran Cup"]
[Site "Stary Smokovec"]
[Date "1984.??.??"]
[Round "4"]
[White "Stohl, Igor"]
[Black "Kristiansen, Jens"]
[Result "1-0"]
[WhiteElo "2455"]
[BlackElo "2445"]

1.d4 Nf6 2.c4 g6 3.Nc3 Bg7 4.Nf3 O-O 5.e4 d6 6.Be2 e5 7.O-O Nc6 8.d5 Ne7
9.Nd2 a5 10.b3 Nd7 11.Ba3 Nc5 12.b4 axb4 13.Bxb4 Na6 14.Ba3 Nc5 15.Bb4 Na6
16.Ba3 f5 17.Nb3 b6 18.Bc1 Nc5 19.Nxc5 bxc5 20.a4 Kh8 21.Bd2 Ng8 22.a5 Nf6
23.exf5 gxf5 24.Ra3 Nd7 25.f3 Nb8 26.f4 exf4 27.Bxf4 Na6 28.Qd2 Qf6 29.Nb5 Bd7
30.Bg5 Qg6 31.Rg3 Rg8 32.Bd3 Nb4 33.Nxc7 Rxa5 34.Bb1 Ra1 35.Be7 Qf7 36.Bxd6 Bd4+
37.Kh1 Rxg3 38.Bxg3 Qg6 39.Bd3 Nxd3 40.Rxa1 Bxa1 41.Qxd3 Qh6 42.Qf1 Bg7 43.Bf4 Qb6
44.h3 Kg8 45.Qe1 Kf7 46.d6 Bf8 47.Nd5 Qb2 48.Qh4 h6 49.Qh5+ Kg8 50.Qg6+ Bg7
51.Bxh6 Qa1+ 52.Kh2 Qe5+ 53.Nf4 Be8 54.Qxg7+ Qxg7 55.Bxg7 Kxg7 56.Ne6+ Kf6
57.Nxc5 Bf7 58.Nb7 Be8 59.c5 Ke5 60.h4 Kd5 61.h5 Kc6 62.h6  1-0

[Event "CSR-ch"]
[Site "Sumperk"]
[Date "1984.??.??"]
[Round "5"]
[White "Ftacnik, Lubomir"]
[Black "Pribyl, Josef"]
[Result "1-0"]
[WhiteElo "2570"]
[BlackElo "2455"]

1.d4 Nf6 2.c4 g6 3.Nc3 Bg7 4.e4 d6 5.Be2 O-O 6.Nf3 e5 7.O-O Nc6 8.d5 Ne7
9.Nd2 Nd7 10.b4 f5 11.c5 Nf6 12.f3 f4 13.Nc4 g5 14.a4 Ng6 15.Ba3 Rf7 16.b5 Bf8
17.b6 dxc5 18.bxc7 Rxc7 19.Nb5 Rg7 20.d6 Be6 21.Nc7 Rxc7 22.dxc7 Qxc7 23.Qc2 h5
24.Rad1 g4 25.Rd2 Nh8 26.Bb2 Nf7 27.Qc3 Nh7 28.g3 fxg3 29.fxg4 Nhg5 30.Qxg3 Nxe4
31.Qd3 Nxd2 32.Qg6+ Bg7 33.Nxd2 Qe7 34.Bd3 Kf8 35.Ne4 Rd8 36.Ng5 Rd6 37.Nxf7 Bxf7
38.Rxf7+ Qxf7 39.Qxd6+ Qe7 40.Qd5 hxg4 41.Bc4 Ke8 42.Bb5+ Kf8  1-0

[Event "CSR-ch"]
[Site "Sumperk"]
[Date "1984.??.??"]
[Round "11"]
[White "Ftacnik, Lubomir"]
[Black "Lechtynsky, Jiri"]
[Result "1/2-1/2"]
[WhiteElo "2570"]
[BlackElo "2470"]

1.c4 Nf6 2.Nf3 d6 3.d4 g6 4.Nc3 Bg7 5.e4 O-O 6.Be2 e5 7.O-O Nc6 8.d5 Ne7
9.Ne1 Nd7 10.Nd3 f5 11.Bd2 Nf6 12.f3 f4 13.c5 g5 14.Rc1 h5 15.Nb5 Ne8 16.Bb4 Ng6
17.cxd6 cxd6 18.a4 Rf7 19.h3 Bf8 20.Nf2 Nh4 21.Qb3 Rg7 22.Rc2 a6 23.Na3 Nf6
24.Be1 g4 25.hxg4 hxg4 26.Nxg4 Nxg4 27.fxg4 Bxg4 28.Bxg4 Rxg4 29.Qh3 Qg5
30.Bxh4 Rxh4 31.Qe6+ Kh8 32.Nc4 Qh5 33.Rf3 Re8 34.Qf6+ Kg8 35.Nd2 Be7 36.Qe6+ Kh8
37.Rh3 Rxh3 38.Qxh3 Qxh3 39.gxh3 Bd8 40.Nc4 Bc7 41.Kf1 Re7 42.b4 Rh7 43.Rc3 Rd7
44.b5 axb5 45.axb5 Kh7 46.Ra3 Bd8 47.Ra8 Kh6 48.b6 Kh5 49.Rb8 Kg5 50.Kf2 Kh5
51.Kf3 Kg5  1/2-1/2

[Event "CSR-ch"]
[Site "Sumperk"]
[Date "1984.??.??"]
[Round "14"]
[White "Ftacnik, Lubomir"]
[Black "Zpevak, Pavel"]
[Result "1-0"]
[WhiteElo "2570"]
[BlackElo "2295"]

1.d4 Nf6 2.c4 g6 3.Nc3 Bg7 4.e4 d6 5.Nf3 O-O 6.Be2 e5 7.O-O Nc6 8.d5 Ne7
9.Nd2 c5 10.dxc6 bxc6 11.b4 d5 12.Ba3 d4 13.Na4 Nh5 14.Bxh5 gxh5 15.Qxh5 Ng6
16.g3 f5 17.Nc5 Rf6 18.exf5 Rxf5 19.Qd1 Qg5 20.Nde4 Qh6 21.Bc1 Nf4 22.gxf4 Qg6+
23.Kh1 Rh5 24.Nf6+ Bxf6 25.Rg1 Bg5 26.Qxh5  1-0

[Event "URS-FL"]
[Site "Sverdlovsk"]
[Date "1984.??.??"]
[Round "?"]
[White "Ehlvest, Jaan"]
[Black "Gurgenidze, Bukhuti"]
[Result "0-1"]
[WhiteElo "2505"]
[BlackElo "2450"]

1.d4 Nf6 2.c4 e6 3.Nf3 Nc6 4.e3 g6 5.Nc3 Bg7 6.Be2 O-O 7.O-O d6 8.e4 e5 9.d5 Ne7
10.Nd2 Nd7 11.b4 f5 12.Ba3 Nf6 13.f3 Bh6 14.c5 Be3+ 15.Kh1 Nh5 16.Nb5 f4
17.Qe1 Nf5 18.Rf2 a6 19.Nc3 Nhg3+ 20.Kg1 Nd4 21.Bd3 Nh5 22.Nf1 Qg5 23.Kh1 Bxf2
24.Qxf2 Qd8 25.Bb2 Bd7 26.Nd2 Qf6 27.Nc4 Rad8 28.a4 g5 29.c6 bxc6 30.dxc6 Bxc6
31.Na5 Ba8 32.Bxa6 d5 33.Bd3 dxe4 34.Nxe4 Bxe4 35.fxe4 g4 36.Bc4+ Kh8 37.Bxd4 Rxd4
38.Bd5 g3 39.Qf3 Qh4 40.h3 Nf6 41.Nc6 Rxd5 42.exd5 e4 43.Qc3 f3 44.Ne5 f2
45.Ng4 Kg8 46.Ne3 Ng4 47.Nf1 Qf6 48.Qxf6 Nxf6 49.d6 cxd6 50.Rd1 e3  0-1

[Event "Tirnavia"]
[Site "Trnava"]
[Date "1984.??.??"]
[Round "12"]
[White "Ftacnik, Lubomir"]
[Black "Lanc, Alois"]
[Result "1-0"]
[WhiteElo "2570"]
[BlackElo "2390"]

1.d4 Nf6 2.c4 g6 3.Nc3 Bg7 4.e4 d6 5.Nf3 O-O 6.Be2 e5 7.O-O Nc6 8.d5 Ne7
9.Ne1 Nd7 10.Nd3 f5 11.Bd2 Nf6 12.f3 f4 13.c5 g5 14.Rc1 Ng6 15.cxd6 cxd6
16.Nb5 Rf7 17.Qc2 Ne8 18.a4 h5 19.Nf2 Bf8 20.h3 Rg7 21.Nxa7 Rc7 22.Ba5 Rxc2
23.Bxd8 Rxe2 24.Nxc8 Rxb2 25.a5 Kf7 26.Rc3 Ne7 27.Nd3 Rb5 28.Rfc1 Nxc8 29.Rxc8 Rxc8
30.Rxc8 Be7 31.Bb6 Nf6 32.Rc7 Ke8 33.Rxb7 Nd7 34.a6 Nxb6 35.a7 Ra5 36.Nb4 Ra1+
37.Kf2 Bd8 38.Nc6 Nc8 39.Rb8 Bb6+ 40.Ke2 Bxa7 41.Rxc8+  1-0

[Event "URS-ch U20"]
[Site "Vilnius"]
[Date "1984.??.??"]
[Round "6"]
[White "Novikov, Igor A"]
[Black "Glek, Igor V"]
[Result "1-0"]
[WhiteElo "2420"]
[BlackElo "2395"]

1.d4 Nf6 2.Nf3 g6 3.c4 Bg7 4.Nc3 O-O 5.e4 d6 6.Be2 e5 7.O-O Nc6 8.Be3 exd4
9.Nxd4 Re8 10.f3 Nh5 11.f4 Nf6 12.Bf3 Bf5 13.Nxc6 bxc6 14.exf5 Rxe3 15.fxg6 hxg6
16.Qd2 Qe7 17.Bxc6 Rb8 18.Bf3 Bh6 19.g3 g5 20.Nd1 gxf4 21.Nxe3 fxe3 22.Qc2 Qe5
23.b3 c6 24.Rae1 d5 25.Qd3 Re8 26.Bg2 Ng4 27.Rf5 Qb2 28.Re2 Nf2 29.Rfxf2 exf2+
30.Kxf2 Rxe2+ 31.Qxe2 Qd4+ 32.Kf1 Qa1+ 33.Kf2 Qd4+ 34.Kf3 Qf6+ 35.Kg4 d4
36.h4 Be3 37.Qf3 Qg6+ 38.Kh3 c5 39.Qe4 Qxe4 40.Bxe4 Kg7 41.g4 Kf6 42.Bd3 a5
43.g5+ Ke5 44.Kg4 f6 45.g6 Bh6 46.h5 Bf8 47.Bc2 Bg7 48.a3 Bh6 49.Bd3 Bg7
50.b4 cxb4 51.axb4 a4 52.b5 a3 53.b6 Kd6 54.c5+ Kc6 55.Be4+ Kxc5 56.b7 a2
57.b8=Q a1=Q 58.Qc7+ Kb4 59.Qb6+ Kc4 60.Qc6+ Kb4 61.Qd6+ Kc4 62.Qd5+ Kb4
63.Kf5 Kc3 64.Qc5+ Kd2 65.Qc2+ Ke1 66.Qb1+ Qxb1 67.Bxb1 Ke2 68.Ke6 d3 69.Kf7 f5
70.Kxg7 f4 71.h6 f3 72.h7 f2 73.h8=Q f1=Q 74.Qe8+ Kd2 75.Qb5  1-0

[Event "OHRA-B"]
[Site "Amsterdam"]
[Date "1985.??.??"]
[Round "2"]
[White "Farago, Ivan"]
[Black "Piket, Jeroen"]
[Result "0-1"]
[WhiteElo "2510"]
[BlackElo "2400"]

1.d4 Nf6 2.c4 g6 3.Nc3 Bg7 4.e4 d6 5.Be2 O-O 6.Nf3 e5 7.O-O Nc6 8.d5 Ne7
9.Nd2 c5 10.dxc6 bxc6 11.b4 d5 12.b5 d4 13.Na4 d3 14.Bf3 cxb5 15.cxb5 Bd7
16.Nc5 Bxb5 17.a4 Bc6 18.Ba3 Re8 19.Rc1 Nd7 20.Nxd3 Nb6 21.Qe2 Bxa4 22.Nc5 Bh6
23.Nxa4 Qxd2 24.Qb5 Qd4 25.Bb2 Qd6 26.Rfd1 Qe6 27.Bg4 Qxg4 28.Qxe5 Kf8 29.h3 Qf4
30.Qh8+ Ng8 31.Ba3+ Re7 32.g3 Qf3 33.Bxe7+ Kxe7 34.Nxb6 axb6 35.Ra1 Rc8 36.Qd4 Kf8
37.Ra7 Be3 38.Qd6+ Kg7 39.Ra2 Bc5 40.Qe5+ Nf6  0-1

[Event "Bayern-ch"]
[Site "Ansbach"]
[Date "1985.??.??"]
[Round "2"]
[White "Podzielny, Karl Heinz"]
[Black "Kestler, Hans Guenther"]
[Result "1-0"]
[WhiteElo "2415"]
[BlackElo "2410"]

1.d4 Nf6 2.Nf3 g6 3.c4 Bg7 4.Nc3 O-O 5.e4 d6 6.Be2 e5 7.O-O Nc6 8.d5 Ne7
9.Nd2 Nd7 10.b4 f5 11.Ba3 Nf6 12.c5 Bh6 13.b5 Bxd2 14.Qxd2 Nxe4 15.Nxe4 fxe4
16.cxd6 cxd6 17.Qb4 Nf5 18.Bb2 Nh4 19.Qxe4 Rf4 20.Qd3 Bf5 21.Qe3 Bg4 22.f3 Bd7
23.g3 Nf5 24.Qa3 Nd4 25.Bxd4 Rxd4 26.Qxd6 Qb6 27.Qxb6 axb6 28.Rfc1 Kf8 29.Rc7 Rxd5
30.Rxb7 Bxb5 31.Bxb5 Rxb5 32.Rxh7 Kg8 33.Rb7 Rd8 34.Kg2 Rd2+ 35.Kh3 Rbb2
36.Rc1 Rxh2+ 37.Kg4 Rhc2 38.Rxc2 Rxc2 39.Rxb6 Rxa2 40.Kg5 Ra3 41.Rxg6+ Kh7
42.Rf6 e4 43.fxe4 Rxg3+ 44.Kf5 Kg7 45.Ke6 Ra3 46.Rf7+  1-0

[Event "AUT-ch"]
[Site "?"]
[Date "1985.??.??"]
[Round "3"]
[White "Stoppel, Franz"]
[Black "Herndl, Harald"]
[Result "1/2-1/2"]
[WhiteElo "2255"]
[BlackElo "2325"]

1.d4 g6 2.c4 Bg7 3.Nc3 d6 4.Nf3 Nf6 5.e4 O-O 6.Be2 e5 7.O-O Nc6 8.d5 Ne7
9.Ne1 Nd7 10.f3 f5 11.g4 Nf6 12.Nd3 c6 13.Be3 a5 14.Nf2 f4 15.Bd2 g5 16.Nd3 cxd5
17.cxd5 h5 18.h3 Kf7 19.Be1 Rh8 20.Bf2 Ng6 21.Qb3 Rh6 22.Kg2 Qh8 23.Rh1 Qh7
24.Nb5 Ne8 25.Na3 Bf6 26.Nc4 Bd8 27.Nb6 Bxb6 28.Qxb6 Kf8 29.Rac1 Qe7 30.b3 Kf7
31.Nb2 Nf8 32.Na4 Nd7 33.Qb5 Kg6 34.Bb6 Ndf6 35.Bf2 Nc7 36.Qc4 b5 37.Qxc7 Qxc7
38.Rxc7 bxa4 39.bxa4 Bd7 40.Bb5 Rh7 41.Rhc1 hxg4 42.hxg4 Rd8 43.Ra7 Bxg4
44.fxg4 Rxa7 45.Bxa7 Nxg4 46.Bb6 Rh8 47.Bd7 Rh2+ 48.Kg1 f3 49.Bf5+ Kh6 50.Bxg4 Rg2+
51.Kf1 Rxg4 52.Rc4 Rg2 53.Rc6 Rxa2 54.Rxd6+ Kh5 55.Re6 g4 56.Rxe5+ Kh4 57.Rf5 Ra3
58.Bd8+ Kg3 59.Bc7+ Kh4 60.Kf2 Ra2+ 61.Ke3 Ra3+ 62.Kd4 g3 63.Bxg3+ Kxg3 64.e5 Rxa4+
65.Kc5 Rf4 66.Rxf4 Kxf4 67.e6 f2 68.e7 f1=Q 69.e8=Q Qc1+ 70.Kb5 Qb1+ 71.Kxa5 Qa2+
72.Qa4+ Qxa4+ 73.Kxa4 Ke5  1/2-1/2

[Event "Balatonbereny op"]
[Site "Balatonbereny"]
[Date "1985.??.??"]
[Round "9"]
[White "Sinkovics, Peter"]
[Black "Oltean, Dorel"]
[Result "0-1"]
[WhiteElo "2420"]
[BlackElo "2385"]

1.d4 Nf6 2.c4 g6 3.Nc3 Bg7 4.e4 d6 5.Be2 O-O 6.Nf3 e5 7.O-O Nc6 8.d5 Ne7
9.Nd2 c5 10.dxc6 bxc6 11.b4 d5 12.b5 dxe4 13.Ndxe4 Nxe4 14.Nxe4 Qc7 15.Ba3 Rd8
16.Bd6 Qd7 17.bxc6 Nxc6 18.c5 Bb7 19.f3 Nd4 20.Bc4 h6 21.Rb1 Bc6 22.Qd3 Kh7
23.Nc3 f5 24.Nd5 Re8 25.Nc7 e4 26.fxe4 Bxe4 27.Qd2 Bxb1 28.Nxe8 Rxe8 29.Rxb1 Qc6
30.h3 Qe4 31.Bd3 Qd5 32.Kh1 h5 33.Ba6 Qe4 34.Qd3 Qh4 35.Kh2 Re2 36.Rb7 Qf2
37.Rxg7+ Kxg7 38.Bb7 Re1 39.h4 Qxh4+ 40.Qh3 Qxh3+ 41.Kxh3 Kf6 42.c6 Nxc6
43.Bxc6 Re6  0-1

[Event "Ballerup"]
[Site "Ballerup"]
[Date "1985.??.??"]
[Round "7"]
[White "Brinck Claussen, Bjorn"]
[Black "Forgacs, Gyula"]
[Result "1-0"]
[WhiteElo "2380"]
[BlackElo "2395"]

1.d4 Nf6 2.c4 g6 3.Nc3 Bg7 4.e4 d6 5.Be2 O-O 6.Nf3 e5 7.O-O Nc6 8.d5 Ne7
9.Nd2 c5 10.dxc6 bxc6 11.b4 d5 12.a4 Be6 13.Ba3 a6 14.Qc2 d4 15.Ncb1 Nh5
16.g3 Bh6 17.c5 Kh8 18.Nc4 f5 19.Nbd2 fxe4 20.Nxe4 Bg7 21.Rfe1 Nf6 22.Ng5 Bf5
23.Bd3 e4 24.Nd6 exd3 25.Qc4 Qb8 26.Rxe7 Nd5 27.Rb7 Qxb7 28.Nxb7 d2 29.Nd6 Bg4
30.Qd3 d1=Q+ 31.Rxd1 Bxd1 32.Qxd1 Ra7 33.Ne6 Nc3 34.Qd3  1-0

[Event "Ballerup"]
[Site "Ballerup"]
[Date "1985.??.??"]
[Round "8"]
[White "Karolyi, Tibor Jr"]
[Black "Forgacs, Gyula"]
[Result "1-0"]
[WhiteElo "2200"]
[BlackElo "2395"]

1.d4 Nf6 2.c4 g6 3.Nc3 Bg7 4.e4 d6 5.Nf3 O-O 6.Be2 e5 7.O-O Nc6 8.d5 Ne7
9.Nd2 Ne8 10.b4 f5 11.f3 f4 12.c5 g5 13.a4 h5 14.Ba3 Rf6 15.Nc4 Rg6 16.b5 g4
17.b6 axb6 18.cxb6 c5 19.Kf2 Bh6 20.Ke1 g3 21.h3 Bxh3 22.gxh3 g2 23.Rg1 Qc8
24.Nb5 Qxh3 25.Qb3 Rd8 26.a5 Qc8 27.Na7 Qd7 28.Nc6 Rc8 29.N4xe5 dxe5 30.Nxe7+ Qxe7
31.d6+ c4 32.Bxc4+  1-0

[Event "Bayamo"]
[Site "Bayamo"]
[Date "1985.??.??"]
[Round "5"]
[White "Garcia Gonzales, Guillermo"]
[Black "Pecorelli Garcia, Humberto"]
[Result "1/2-1/2"]
[WhiteElo "2440"]
[BlackElo "2435"]

1.d4 Nf6 2.c4 g6 3.Nc3 Bg7 4.e4 d6 5.Be2 O-O 6.Nf3 e5 7.O-O Nc6 8.Be3 Ng4
9.Bg5 f6 10.Bc1 Nh6 11.d5 Ne7 12.b4 Nf7 13.c5 f5 14.Ng5 Nxg5 15.Bxg5 h6 16.c6  1/2-1/2

[Event "Boeblingen op"]
[Site "Boeblingen"]
[Date "1985.??.??"]
[Round "?"]
[White "Franke, Heribert"]
[Black "Holzschuh, Peter"]
[Result "1-0"]
[WhiteElo "2310"]
[BlackElo "2200"]

1.d4 Nf6 2.Nf3 g6 3.c4 Bg7 4.Nc3 O-O 5.e4 d6 6.Be2 e5 7.O-O Nc6 8.d5 Ne7
9.Nd2 Nd7 10.b4 f5 11.f3 Nf6 12.c5 Nh5 13.cxd6 cxd6 14.Nc4 Nf4 15.Be3 b6
16.a4 Bb7 17.a5 b5 18.Nxb5 Ba6 19.Nba3 Rb8 20.Rb1 Nxe2+ 21.Qxe2 Qd7 22.b5 Rxb5
23.Nxb5 Bxb5 24.Nxe5 Bxe2 25.Nxd7 Rd8 26.Rb8 Rxb8 27.Nxb8 Bxf1 28.Kxf1 fxe4
29.fxe4 Bc3 30.a6  1-0

[Event "Bor"]
[Site "Bor"]
[Date "1985.??.??"]
[Round "?"]
[White "Eingorn, Vereslav S"]
[Black "Marjanovic, Slavoljub"]
[Result "1-0"]
[WhiteElo "2525"]
[BlackElo "2505"]

1.d4 Nf6 2.c4 g6 3.Nc3 Bg7 4.e4 d6 5.Be2 O-O 6.Nf3 e5 7.O-O Nc6 8.d5 Ne7
9.Nd2 a5 10.Rb1 c5 11.a3 Ne8 12.b4 axb4 13.axb4 b6 14.bxc5 bxc5 15.Nb3 f5
16.Bg5 Bf6 17.Bd2 Rf7 18.Ra1 Rb8 19.f3 f4 20.Nb5 Bd7 21.Ra6 Nc8 22.Na5 Rb6
23.Rxb6 Qxb6 24.Qb3 Bd8 25.Ra1 g5 26.Ra2 Ne7 27.Bd1 h5 28.Nc3 Nf6 29.Nb7 Qc7
30.Na4 Nc8 31.Naxc5 Nb6 32.Nxd7 Nfxd7 33.Nxd8 Qxd8 34.Qb5 Qc7 35.Be2 Qc5+
36.Kf1 Rf8 37.Be1 Rc8 38.Ra6 Qxb5 39.cxb5 Rc1 40.Kf2 Rc2 41.Bb4 g4 42.Bxd6 Nc4
43.Rc6 Ndb6 44.Bxe5  1-0

[Event "Lang mem"]
[Site "Brno"]
[Date "1985.??.??"]
[Round "7"]
[White "Jaster, Robert"]
[Black "Sevcik, Vladimir"]
[Result "0-1"]
[WhiteElo "2205"]
[BlackElo "2245"]

1.d4 Nf6 2.c4 g6 3.Nc3 Bg7 4.e4 d6 5.Nf3 O-O 6.Be2 e5 7.O-O Nc6 8.d5 Ne7
9.Ne1 Nd7 10.f3 f5 11.g4 Nf6 12.Nd3 c6 13.Bd2 Bd7 14.Kh1 b5 15.dxc6 fxe4
16.fxe4 Bxc6 17.Nf2 bxc4 18.Bxc4+ d5 19.exd5 Nfxd5 20.Bg5 Bf6 21.Bxf6 Rxf6
22.Nfe4 Kg7 23.Qe1 Nxc3 24.bxc3 Rxf1+ 25.Bxf1 Nd5 26.Kg1 Nf4 27.Qe3 Qb6 28.Nc5 Re8
29.Qf2 Ba8 30.Re1 Qc6 31.Ne4 Rf8 32.Qxa7+ Rf7 33.Qc5 Qe6 34.h3 Bxe4 35.Rxe4 Re7
36.Ra4 Kh6 37.Ra7 Rxa7 38.Qxa7 Qd5 39.Qf2 Kg5 40.c4 Qd1 41.Kh2 Qc1 42.c5 Qc3
43.a4 e4 44.Qg3 Qd2+ 45.Kh1 Qc1 46.h4+ Kf6 47.Qf2 Ke5 48.Qg1 e3 49.Bg2 Qxg1+
50.Kxg1 e2 51.Kf2 Nxg2 52.Kxe2 Kd5 53.g5 Nxh4 54.Ke3 Kxc5 55.Kf4 Kb4 56.Kg4 Nf5
57.Kf4 Kxa4 58.Ke5 Nh4  0-1

[Event "ARG-ch"]
[Site "Buenos Aires"]
[Date "1985.??.??"]
[Round "6"]
[White "Ricardi, Pablo"]
[Black "Mahia, Gustavo"]
[Result "1/2-1/2"]
[WhiteElo "2335"]
[BlackElo "2305"]

1.d4 Nf6 2.c4 g6 3.Nc3 Bg7 4.e4 d6 5.Nf3 O-O 6.Be2 e5 7.O-O Nc6 8.d5 Ne7
9.Nd2 c5 10.dxc6 bxc6 11.b4 d5 12.b5 d4 13.Na4 d3 14.Bf3 cxb5 15.cxb5 Bd7
16.Nc5 Bxb5 17.a4 Bc6 18.Ra3 Qa5 19.Nxd3 Rad8 20.Bb2 Nd7 21.Bc3 Qc7 22.Qa1 Nb6
23.Nc5 Ba8 24.Na6 Qc8 25.Be2 Bb7 26.a5 Nd7 27.Nb4 Nc5 28.a6 Ba8 29.Nc4 f6
30.f3 Ne6 31.Ne3 Qc5 32.Nc2 Nd4 33.Bc4+ Kh8 34.Bb4 Qc7 35.Ba5 Qc5 36.Bb4 Qc7
37.Rc3 Rb8 38.Bd3 Qd7 39.Kh1 Rfc8 40.Rxc8+ Nxc8 41.Rd1 Nb6 42.h3 Rd8 43.Nc4 Nxf3
44.Nxb6 axb6 45.Be2 Nd4  1/2-1/2

[Event "CAN-ch"]
[Site "?"]
[Date "1985.??.??"]
[Round "2"]
[White "Barbeau, Sylvain"]
[Black "Levtchouk, George"]
[Result "1-0"]
[WhiteElo "2235"]
[BlackElo "2200"]

1.c4 g6 2.Nc3 Bg7 3.d4 Nf6 4.e4 d6 5.Be2 O-O 6.Nf3 e5 7.O-O Nc6 8.d5 Ne7
9.b4 Nh5 10.c5 Nf4 11.Bxf4 exf4 12.Rc1 h6 13.Nd2 g5 14.Nc4 Ng6 15.Bg4 Ne5
16.Nxe5 Bxe5 17.Bxc8 Rxc8 18.Nb5 a6 19.Nd4 Bxd4 20.Qxd4 Qe7 21.Rc4 Rfe8 22.Qc3 Rcd8
23.g4 Qe5 24.Qxe5 dxe5 25.Rc3 Kg7 26.Kg2 h5 27.h3 Rh8 28.Rh1 Rh6 29.f3 Rdh8
30.gxh5 Rf6 31.a4 Rxh5 32.b5 Rh8 33.Rb3 axb5 34.Rxb5 b6 35.c6 Ra8 36.Ra1 Rh6
37.a5 Kf6 38.d6 cxd6 39.Rxb6 Rhh8 40.a6 Rhc8 41.a7  1-0

[Event "CAN-ch"]
[Site "?"]
[Date "1985.??.??"]
[Round "6"]
[White "Levtchouk, George"]
[Black "Pineault, Denis"]
[Result "1-0"]
[WhiteElo "2200"]
[BlackElo "2240"]

1.d4 Nf6 2.c4 g6 3.Nc3 Bg7 4.e4 d6 5.Nf3 O-O 6.Be2 e5 7.O-O Nc6 8.d5 Ne7
9.b4 Nh5 10.c5 Nf4 11.Bxf4 exf4 12.Rc1 Bd7 13.Qd2 Kh8 14.Qxf4 f5 15.cxd6 cxd6
16.Qxd6 Rf6 17.Qc5 Rc8 18.Qxa7 Ra8 19.Qe3 fxe4 20.Nxe4 Nxd5 21.Qd2 Nf4 22.Nxf6 Qxf6
23.Rfe1 Bc6 24.Rcd1 Rf8 25.b5 Bd5 26.Qe3 Bxa2 27.Bf1 Bd5 28.Ne5 Qf5 29.g3  1-0